Nonlinear programming : (Record no. 8589)
[ view plain ]
| 000 -LEADER | |
|---|---|
| fixed length control field | 00903nam a22002891 4500 |
| 001 - CONTROL NUMBER | |
| control field | 8589 |
| 003 - CONTROL NUMBER IDENTIFIER | |
| rucl marc code | BD-RjUL |
| 005 - DATE AND TIME OF LATEST TRANSACTION | |
| control field | 20211208234621.0 |
| 008 - FIXED-LENGTH DATA ELEMENTS--GENERAL INFORMATION | |
| fixed length control field | 140118s1968 nyua b 00110 eng d |
| 020 ## - INTERNATIONAL STANDARD BOOK NUMBER | |
| International Standard Book Number | 0471258105 |
| 035 ## - SYSTEM CONTROL NUMBER | |
| System control number | (BD-RjUL)8634 |
| 040 ## - CATALOGING SOURCE | |
| Original cataloging agency | BD-RjUL |
| Language of cataloging | eng |
| Transcribing agency | BD-RjUL |
| 041 ## - LANGUAGE CODE | |
| Language code of text/sound track or separate title | eng |
| 082 00 - DEWEY DECIMAL CLASSIFICATION NUMBER | |
| Classification number | 519.92 |
| Author mark and year | FIN 1968 |
| 100 10 - MAIN ENTRY--PERSONAL NAME | |
| Personal name | Fiacco, Anthony V. |
| 9 (RLIN) | 26769 |
| 245 10 - TITLE STATEMENT | |
| Title | Nonlinear programming : |
| Remainder of title | sequential unconstrained minimization techniques |
| Statement of responsibility, etc. | by Anthony V. Fiacco [and] Garth P. McCormick. |
| 260 0# - PUBLICATION, DISTRIBUTION, ETC. (IMPRINT) | |
| Place of publication, distribution, etc. | New York : |
| Name of publisher, distributor, etc. | Wiley, |
| Date of publication, distribution, etc. | 1968. |
| 300 ## - PHYSICAL DESCRIPTION | |
| Pagination | xiv, 210 p. : |
| Illustrations | illus. |
| Size | 23 cm. |
| 504 ## - BIBLIOGRAPHY, ETC. NOTE | |
| Bibliography, etc | Includes index. |
| Bibliography, etc | Bibliography: p. 196-201. |
| 650 #0 - SUBJECT ADDED ENTRY--TOPICAL TERM | |
| Topical term or geographic name as entry element | Nonlinear programming. |
| 9 (RLIN) | 26770 |
| Topical term or geographic name as entry element | Mathematical optimization. |
| 9 (RLIN) | 26771 |
| Topical term or geographic name as entry element | Algorithms. |
| 9 (RLIN) | 26772 |
| 700 10 - ADDED ENTRY--PERSONAL NAME | |
| Personal name | McCormick, Garth P., |
| Relator term | joint author. |
| 942 ## - ADDED ENTRY ELEMENTS (KOHA) | |
| Source of classification or shelving scheme | Dewey Decimal Classification |
| Koha item type | Books |
| Lost status | Source of classification or shelving scheme | Damaged status | Not for loan | Collection code | Permanent Location | Current Location | Shelving location | Date acquired | Source of acquisition | Cost, normal purchase price | Total Checkouts | Full call number | Date last seen | Copy number | Koha item type |
|---|---|---|---|---|---|---|---|---|---|---|---|---|---|---|---|
| Dewey Decimal Classification | Not For Loan | Non-fiction | Central Library, University of Rajshahi | Central Library, University of Rajshahi | 30/05/1974 | National Book Agency | 117.50 | 519.92 FIN 1968 | 19/01/2014 | C-1 | Books |